Informe mensual: Junio 2004. Sistema Institucional de Monitoreo del Entorno: Monitoreo de Prensa Escrita
Збережено в:
| Співавтор: | |
|---|---|
| Формат: | Книга |
| Мова: | Spanish |
| Опубліковано: |
San José:
ICE
2004
|
| Предмети: | |
| Теги: |
Додати тег
Немає тегів, Будьте першим, хто поставить тег для цього запису!
|
MARC
| LEADER | 00000nam a22000007a 4500 | ||
|---|---|---|---|
| 003 | cru CRAI/IIS | ||
| 005 | 20191219120209.0 | ||
| 008 | 191211b2004 cr ||||| |||| 00| 0 spa d | ||
| 999 | |c 42753 |d 42753 | ||
| 040 | |c cru CRAI/IIS | ||
| 090 | |a 08.16.04 C8374i (6) 2004 | ||
| 110 | |9 8873 |a Instituto Costarricense de Electricidad (ICE) | ||
| 245 | |a Informe mensual: |b Junio 2004. Sistema Institucional de Monitoreo del Entorno: Monitoreo de Prensa Escrita |c Instituto Costarricense de Electricidad (ICE) | ||
| 260 | |a San José: |b ICE |c 2004 | ||
| 300 | |a 43 páginas | ||
| 650 | 0 | |9 4506 |a NOTICIAS DE PRENSA | |
| 650 | 0 | |9 8 |a ANALISIS DE CONTENIDO | |
| 650 | 0 | |9 1686 |a EMPRESAS DE TELECOMUNICACIONES | |
| 650 | 0 | |9 5564 |a ENERGIA ELECTRICA | |
| 650 | 0 | |9 8144 |a INSTITUTO COSTARRICENSE DE ELECTRICIDAD | |
| 942 | |2 ddc |c LI | ||
